World Capital per Letter Quiz Stats

 Plays Quiz Updated Apr 18, 2019

Score 0/24 Timer 02:00
10 Plays Today
Letter Capital % Correct
BBaghdad...
93.6%
LLa Paz...
88.9%
MMadrid...
88.8%
WWarsaw...
87.8%
PPalikir...
86.1%
AAbu Dhabi...
80.1%
CCairo...
76.6%
OOslo...
70.8%
SSan José...
69.6%
TTaipei...
67.1%
RRabat...
66.9%
DDakar...
64%
Letter Capital % Correct
HHanoi...
57.9%
KKabul...
55%
VVaduz...
53.6%
JJakarta...
50.8%
NNairobi...
46.8%
QQuito
36.2%
GGaborone...
32.1%
ZZagreb
30.9%
IIslamabad
27.2%
UUlaanbaatar
24.8%
YYamoussoukro...
24.7%
FFreetown...
23.4%

You're not logged in!

Compare scores with friends on all Sporcle quizzes.
OR
Log In

Sporcle TV

Today on Sporcle TV


Watch our educational content, quiz creation guides, and fun videos on Sporcle TV.

Show Comments

Extras

Top Quizzes Today


Score Distribution

Your Account Isn't Verified!

In order to create a playlist on Sporcle, you need to verify the email address you used during registration. Go to your Sporcle Settings to finish the process.

Report this User

Report this user for behavior that violates our Community Guidelines.

Details: